000 00752nam a2200217 i 4500
001 81188
003 ES-MaACL
005 20250902062401.0
007 t|
008 041103s1973 sp ||||1| spa d
110 2 _aInformación y Venta (Madrid)
_9163577
245 1 0 _aHombres y empresas de España :
_b(Enciclopedia económica española)... /
_cEstudio realizado por Inforven, S.A. [Director general Fernando Orca Mateo.
250 _a[2ª ed.].
260 _aMadrid :
_bCerrillo Cueto,
_c1973.
300 _a1 vol. :
_bil. ;
_c30 cm.
505 8 _aI. Madrid y provincia. 900 p.
650 7 _aEmpresas-
_vEnciclopedias
_2
_9166213
700 1 _aOrca Mateo, Fernando.
_9163579
852 _aES-MaACL
_jC-54192
_bR.86705
999 _c81188
_d81188